000
00301nam a22001337a 4500
008
171013b xxu||||| |||| 00| 0 eng d
020
_a
9780072825770
041
_a
eng
080
_2
4TH
_a
316
100
_a
51
101
_a
SOC
245
_a
READINGS IN SOCIAL THEORY
_c
FARGANIS.J
942
_2
udc
_c
BK
999
_c
33687
_d
33687